000
00331nam a2200145Ia 4500
005
20250423095512.0
008
250422s9999 xx 000 0 und d
020
_a
0-670-84650-3
100
_a
King, Stephen
245
0
_a
Gerald's game
260
_b
Penguine Popular Classics
260
_c
1992
300
_a
332 p
942
_c
BK
999
_c
30470
_d
30470